<?xml version="1.0" encoding="UTF-8"?>
<record
    xmlns:xsi="http://www.w3.org/2001/XMLSchema-instance"
    xsi:schemaLocation="http://www.loc.gov/MARC21/slim http://www.loc.gov/standards/marcxml/schema/MARC21slim.xsd"
    xmlns="http://www.loc.gov/MARC21/slim">

  <leader>01228nam a22002897a 4500</leader>
  <datafield tag="999" ind1=" " ind2=" ">
    <subfield code="c">117541</subfield>
    <subfield code="d">117541</subfield>
  </datafield>
  <controlfield tag="003">0</controlfield>
  <controlfield tag="005">20190226152232.0</controlfield>
  <controlfield tag="008">0</controlfield>
  <datafield tag="010" ind1=" " ind2=" ">
    <subfield code="a">B-037100</subfield>
  </datafield>
  <datafield tag="020" ind1=" " ind2=" ">
    <subfield code="c">130.00</subfield>
    <subfield code="a">8126305932</subfield>
  </datafield>
  <datafield tag="035" ind1=" " ind2=" ">
    <subfield code="a">B-037100,B-037102, B-037122</subfield>
  </datafield>
  <datafield tag="037" ind1=" " ind2=" ">
    <subfield code="b">Cen Lib/Ret</subfield>
  </datafield>
  <datafield tag="040" ind1=" " ind2=" ">
    <subfield code="a">DPL</subfield>
    <subfield code="b">HN</subfield>
    <subfield code="c">0</subfield>
  </datafield>
  <datafield tag="082" ind1=" " ind2=" ">
    <subfield code="a">&#x909;</subfield>
    <subfield code="b">&#x915;&#x93E;&#x930;&#x928;&#x94D;&#x924;</subfield>
  </datafield>
  <datafield tag="100" ind1=" " ind2=" ">
    <subfield code="a">&#x915;&#x93E;&#x930;&#x928;&#x94D;&#x924;, &#x915;&#x947;.&#x936;&#x93F;&#x935;&#x930;&#x93E;&#x92E; </subfield>
    <subfield code="9">45673</subfield>
  </datafield>
  <datafield tag="245" ind1=" " ind2=" ">
    <subfield code="a">&#x92E;&#x942;&#x915;&#x91C;&#x94D;&#x91C;&#x940; :</subfield>
    <subfield code="c">&#x915;&#x947;.&#x936;&#x93F;&#x935;&#x930;&#x93E;&#x92E; &#x915;&#x93E;&#x930;&#x928;&#x94D;&#x924;</subfield>
    <subfield code="b">&#x90F;&#x915; &#x905;&#x924;&#x940;&#x928;&#x94D;&#x926;&#x94D;&#x930;&#x93F;&#x92F; &#x915;&#x925;&#x93E;&#x932;&#x94B;&#x915; /</subfield>
  </datafield>
  <datafield tag="246" ind1=" " ind2=" ">
    <subfield code="a">Mookajji : ek ateendriy kathalok /</subfield>
    <subfield code="b">by K.Shivram Karant</subfield>
  </datafield>
  <datafield tag="250" ind1=" " ind2=" ">
    <subfield code="a">&#x938;&#x93E;&#x924;&#x935;&#x93E;&#x901; &#x938;&#x902;&#x938;&#x94D;&#x915;&#x930;&#x923; </subfield>
  </datafield>
  <datafield tag="260" ind1=" " ind2=" ">
    <subfield code="a">&#x928;&#x92F;&#x940; &#x926;&#x93F;&#x932;&#x94D;&#x932;&#x940; </subfield>
    <subfield code="b">&#x92D;&#x93E;&#x930;&#x924;&#x940;&#x92F; &#x91C;&#x94D;&#x91E;&#x93E;&#x928;&#x92A;&#x940;&#x920; </subfield>
    <subfield code="c">2001</subfield>
  </datafield>
  <datafield tag="270" ind1=" " ind2=" ">
    <subfield code="b">&#x928;&#x92F;&#x940; &#x926;&#x93F;&#x932;&#x94D;&#x932;&#x940; </subfield>
    <subfield code="a">18, &#x907;&#x902;&#x938;&#x94D;&#x91F;&#x940;&#x91F;&#x94D;&#x92F;&#x942;&#x936;&#x928;&#x932; &#x90F;&#x930;&#x93F;&#x92F;&#x93E;, &#x932;&#x94B;&#x926;&#x940; &#x930;&#x94B;&#x921; </subfield>
    <subfield code="e">110003</subfield>
  </datafield>
  <datafield tag="300" ind1=" " ind2=" ">
    <subfield code="a">223&#x92A;&#x943;. </subfield>
    <subfield code="c">21&#x938;&#x947;&#x92E;&#x940;(&#x938;&#x91C;&#x93F;&#x932;&#x94D;&#x926;)</subfield>
  </datafield>
  <datafield tag="650" ind1=" " ind2=" ">
    <subfield code="a">&#x939;&#x93F;&#x928;&#x94D;&#x926;&#x940; &#x938;&#x93E;&#x939;&#x93F;&#x924;&#x94D;&#x92F; </subfield>
    <subfield code="9">75267</subfield>
  </datafield>
  <datafield tag="650" ind1=" " ind2=" ">
    <subfield code="a">&#x939;&#x93F;&#x928;&#x94D;&#x926;&#x940; -- &#x909;&#x92A;&#x928;&#x94D;&#x92F;&#x93E;&#x938; </subfield>
    <subfield code="9">75268</subfield>
  </datafield>
  <datafield tag="650" ind1=" " ind2=" ">
    <subfield code="a">Hindi literature</subfield>
    <subfield code="9">75269</subfield>
  </datafield>
  <datafield tag="650" ind1=" " ind2=" ">
    <subfield code="a">Hindi -- Fiction</subfield>
    <subfield code="9">27248</subfield>
  </datafield>
  <datafield tag="942" ind1=" " ind2=" ">
    <subfield code="2">ddc</subfield>
    <subfield code="c">HN</subfield>
    <subfield code="h">&#x909;</subfield>
    <subfield code="m">&#x915;&#x93E;&#x930;&#x928;&#x94D;&#x924;</subfield>
  </datafield>
  <datafield tag="952" ind1=" " ind2=" ">
    <subfield code="0">4</subfield>
    <subfield code="1">0</subfield>
    <subfield code="4">0</subfield>
    <subfield code="7">0</subfield>
    <subfield code="a">L</subfield>
    <subfield code="b">L</subfield>
    <subfield code="d">2015-09-07</subfield>
    <subfield code="e">Cen Lib/Ret</subfield>
    <subfield code="g">130.00</subfield>
    <subfield code="l">0</subfield>
    <subfield code="o">&#x909; &#x915;&#x93E;&#x930;&#x928;&#x94D;&#x924;</subfield>
    <subfield code="p">B-037100</subfield>
    <subfield code="r">2015-09-07 00:00:00</subfield>
    <subfield code="t">1</subfield>
    <subfield code="v">130.00</subfield>
    <subfield code="w">2015-09-07</subfield>
    <subfield code="y">HN</subfield>
    <subfield code="z">Written off on approval by DLB (By Circulation); dtd 20.12.2022</subfield>
  </datafield>
  <datafield tag="952" ind1=" " ind2=" ">
    <subfield code="0">0</subfield>
    <subfield code="1">0</subfield>
    <subfield code="2">ddc</subfield>
    <subfield code="4">0</subfield>
    <subfield code="7">0</subfield>
    <subfield code="8">FIC</subfield>
    <subfield code="a">BL1</subfield>
    <subfield code="b">BL1</subfield>
    <subfield code="d">2018-10-01</subfield>
    <subfield code="e">BPPD/PUB</subfield>
    <subfield code="g">130.00</subfield>
    <subfield code="l">3</subfield>
    <subfield code="m">1</subfield>
    <subfield code="o">&#x909; &#x915;&#x93E;&#x930;&#x928;&#x94D;&#x924;</subfield>
    <subfield code="p">B-037102</subfield>
    <subfield code="r">2024-03-16 00:00:00</subfield>
    <subfield code="s">2024-02-24</subfield>
    <subfield code="v">130.00</subfield>
    <subfield code="w">2018-10-01</subfield>
    <subfield code="y">HN</subfield>
  </datafield>
  <datafield tag="952" ind1=" " ind2=" ">
    <subfield code="0">0</subfield>
    <subfield code="1">0</subfield>
    <subfield code="2">ddc</subfield>
    <subfield code="4">0</subfield>
    <subfield code="7">0</subfield>
    <subfield code="8">FIC</subfield>
    <subfield code="a">BL4</subfield>
    <subfield code="b">BL4</subfield>
    <subfield code="d">2019-02-26</subfield>
    <subfield code="e">BPPD/PUB</subfield>
    <subfield code="g">130.00</subfield>
    <subfield code="l">0</subfield>
    <subfield code="o">&#x909; &#x915;&#x93E;&#x930;&#x928;&#x94D;&#x924;</subfield>
    <subfield code="p">B-037122</subfield>
    <subfield code="r">2019-02-26 00:00:00</subfield>
    <subfield code="v">130.00</subfield>
    <subfield code="w">2019-02-26</subfield>
    <subfield code="y">HN</subfield>
  </datafield>
  <datafield tag="952" ind1=" " ind2=" ">
    <subfield code="0">0</subfield>
    <subfield code="1">0</subfield>
    <subfield code="2">ddc</subfield>
    <subfield code="4">0</subfield>
    <subfield code="7">0</subfield>
    <subfield code="8">FIC</subfield>
    <subfield code="a">ZLS</subfield>
    <subfield code="b">ZLS</subfield>
    <subfield code="d">2019-03-28</subfield>
    <subfield code="l">1</subfield>
    <subfield code="m">2</subfield>
    <subfield code="o">&#x909; &#x915;&#x93E;&#x930;&#x928;&#x94D;&#x924;</subfield>
    <subfield code="p">B-037108</subfield>
    <subfield code="r">2019-07-31 00:00:00</subfield>
    <subfield code="s">2019-06-17</subfield>
    <subfield code="w">2019-03-28</subfield>
    <subfield code="y">HN</subfield>
  </datafield>
  <datafield tag="952" ind1=" " ind2=" ">
    <subfield code="0">0</subfield>
    <subfield code="1">0</subfield>
    <subfield code="2">ddc</subfield>
    <subfield code="4">0</subfield>
    <subfield code="7">0</subfield>
    <subfield code="8">FIC</subfield>
    <subfield code="a">YV</subfield>
    <subfield code="b">YV</subfield>
    <subfield code="d">2019-09-21</subfield>
    <subfield code="e">BPPD/PUB</subfield>
    <subfield code="g">130.00</subfield>
    <subfield code="l">0</subfield>
    <subfield code="o">&#x909; &#x915;&#x93E;&#x930;&#x928;&#x94D;&#x924;</subfield>
    <subfield code="p">B-037123</subfield>
    <subfield code="r">2019-09-21 00:00:00</subfield>
    <subfield code="v">130.00</subfield>
    <subfield code="w">2019-09-21</subfield>
    <subfield code="y">HN</subfield>
  </datafield>
</record>
